000 00340nam a2200133Ia 4500
008 191201s2011 xx 000 0 und d
100 _aJANAKIRAMAN, V S
245 0 _aFoundations of Artificial Intelligence and Expert Systems
250 _aRep
260 _c2011
_bMacmillan
_aNew Delhi
300 _a231
650 _aMCA
942 _2ddc
_cBB
999 _c7603
_d7603